000
00263nam a2200109Ia 4500
008
240625s9999 xx 000 0 und d
041
_a
eng
082
_a
005.54 GOT
100
_a
GOTTLIEB ISAAC
245
_a
NEXT GENERATION EXCEL MODELING IN EXCEL
260
_c
2009
999
_c
39995
_d
39995